1261 1422 1943 2000 1935 1829 1328 1951 1223 1604 1087 1304 1332 1066 1385 1320 1158 1645 1672 1019 1656 1912 1003 1221 1510 1249 1752 1301 1088 1748 1002 1119 1810 1262 1407 1088 1130 1047 1862 1361 1093 1971 1163 1929 1639 1725 1745 1802 1607 1036 1346 1076 1125 1611 1392 1360 1582 1329 1602 1997 1935 1883 1564 1233 1749 1184 1395 1570 1385 1508 1152 1262 1198 1479 1850 1041 1195 1463 1608 1930 1966 1450 1375 1882 1201 1537 1258 1087 1390 1258 1040 1023 1222 1996 1182 1186 1039 1510 1658 BCNSPRNW ULIB Ver.6.0+V

เปลี่ยนเป็นภาษาไทย

Change to English
 แสดงรายละเอียดบรรณานุกรม
  กลับหน้าหลัก

Brief Record : Get Marc (ISO 2709) : E-mail record : QR code < ปิดหน้าต่าง
LEADER : 00000nam 2200000uu 4500
001    13399114982
003     ULIB
008    120626s2546||||th 000 0 tha d
020    ^a9746058282
020    ^a9789746058285
050 04 ^aBF^bท461จ 2546
100 0  ^aทิพย์ภา เชษฐ์เชาวลิต
245 10 ^aจิตวิทยาพัฒนาการสำหรับพยาบาล /^cทิพย์ภา เชษฐ์เชาวลิต
250    ^aพิมพ์ครั้งที่ 3
260    ^aสงขลา :^bภาควิชาการพยาบาลจิตเวช คณะพยาบาลศาสตร์มหาวิทยาลัยสงขลานครินทร์,^c2546
300    ^aก-ฉ, 144 หน้า :^bภาพประกอบ ;^c26ซม.
650  7 ^aจิตวิทยาพัฒนาการ
650  7 ^aพยาบาล
710 2  ^aมหาวิทยาลัยสงขลานครินทร์. ^bคณะพยาบาลศาสตร์.^bภาควิชาการพยาบาลจิตเวช
995    ^aกัณชพร
999    ^aใช้งานได้ทุกระบบ
รายการนี้ยังไม่มีแท็ก
คุณยังไม่ได้ล็อกอิน คุณสามารถมีกิจกรรมร่วมกับเว็บไซต์ได้ แต่ต้องล็อกอินก่อน ::
  ล็อกอิน

รายการสื่อสารสนเทศ

ลำดับที่ ประเภท เลขเรียก/บาร์โค้ด สถานที่ สถานะ
- ไม่พบข้อมูล -

รายการใกล้เคียง
    ผู้แต่ง [ทิพย์ภา เชษฐ์เชาวลิต]

    หัวเรื่อง [จิตวิทยาพัฒนาการ]
    หัวเรื่อง [พยาบาล]

BibComment


ยังไม่เคยถูกคอมเมนท์

คอมเมนท์ทรัพยากรรายการนี้
  คอมเมนท์: จิตวิทยาพัฒนาการ..


 Copyright 2026. Bcnsprnw @Library